000 00427nam a22001577a 4500
005 20240110115233.0
008 190910b xxu||||| |||| 00| 0 eng d
020 _a978-81-85790-14-5
041 _aeng
100 _aKASTURE, DR. P.V AND PARAKH, DR.S.R., HASAN, S.A., GOKHALE, S.B.
_98377
245 _aPHARMACEUTICS- I
250 _a23rd , ED, 2017
260 _aPUNE
_bNIRALI PRAKASHAN
300 _aI.5p;
942 _cBK
999 _c5969
_d5967